Tropical soils : (Record no. 73473)
[ view plain ]
| 000 -LEADER | |
|---|---|
| fixed length control field | 00714nam a2200217 a 4500 |
| 001 - CONTROL NUMBER | |
| control field | 73473 |
| 003 - CONTROL NUMBER IDENTIFIER | |
| rucl marc code | BD-RjUL |
| 005 - DATE AND TIME OF LATEST TRANSACTION | |
| control field | 20211209082411.0 |
| 008 - FIXED-LENGTH DATA ELEMENTS--GENERAL INFORMATION | |
| fixed length control field | 170601s1954 ne 1 0 eng d |
| 035 ## - SYSTEM CONTROL NUMBER | |
| System control number | (BD-RjUL)73691 |
| 040 ## - CATALOGING SOURCE | |
| Original cataloging agency | NUN |
| Language of cataloging | eng |
| Transcribing agency | NUN |
| Modifying agency | BD-RjUL |
| 041 ## - LANGUAGE CODE | |
| Language code of text/sound track or separate title | eng |
| 082 04 - DEWEY DECIMAL CLASSIFICATION NUMBER | |
| Classification number | 631.4913 |
| Edition number | 23 |
| Author mark and year | MOT 1959 |
| 100 1# - MAIN ENTRY--PERSONAL NAME | |
| Personal name | Mohr, Edward Carl Julius. |
| 9 (RLIN) | 217379 |
| 245 10 - TITLE STATEMENT | |
| Title | Tropical soils : |
| Remainder of title | a critical study of soil genesis as related to climate, rock and vegetation / |
| Statement of responsibility, etc. | by E.C.J.Mohr and F.A. van Baren. |
| 260 ## - PUBLICATION, DISTRIBUTION, ETC. (IMPRINT) | |
| Place of publication, distribution, etc. | The Hague : |
| Name of publisher, distributor, etc. | Van Hoeve, |
| Date of publication, distribution, etc. | 1954 [impression 1959] |
| 300 ## - PHYSICAL DESCRIPTION | |
| Pagination | 498 p. : |
| Illustrations | ill. ; |
| Size | 23 cm. |
| 650 #0 - SUBJECT ADDED ENTRY--TOPICAL TERM | |
| Topical term or geographic name as entry element | Tropical soils. |
| 9 (RLIN) | 217380 |
| 700 1# - ADDED ENTRY--PERSONAL NAME | |
| Personal name | Baren, F. A. van,. |
| 942 ## - ADDED ENTRY ELEMENTS (KOHA) | |
| Source of classification or shelving scheme | Dewey Decimal Classification |
| Koha item type | Books |
| Lost status | Source of classification or shelving scheme | Damaged status | Not for loan | Collection code | Permanent Location | Current Location | Shelving location | Date acquired | Source of acquisition | Cost, normal purchase price | Total Checkouts | Full call number | Date last seen | Copy number | Koha item type |
|---|---|---|---|---|---|---|---|---|---|---|---|---|---|---|---|
| Dewey Decimal Classification | Not For Loan | Non-fiction | Central Library, University of Rajshahi | Central Library, University of Rajshahi | Reading Room | 11/01/1955 | Zeitlinger | 43.00 | 631.4913 MOT 1959 | 01/06/2017 | C-1 | Books | |||
| Dewey Decimal Classification | Non-fiction | Central Library, University of Rajshahi | Central Library, University of Rajshahi | 17/12/1957 | Black Well | 3.10 | 631.4913 MOT 1954 | 26/12/2018 | C-2 | Books |